Statistics for Food by the Letter

Click here to take the quiz!

General Stats

  • This quiz has been taken 105 times
  • The average score is 17 of 25

Answer Stats

DescriptionLetterAnswer% Correct
Long, yellow fruitBBanana
99%
Keeps drinks coldIIce
99%
Popular menu item from Dunkin'DDonut
97%
🐟FFish
96%
Yellow citrusLLemon
92%
Could be apple, orange, grape, etc.JJuice
90%
Grows underground; can be orange, white, etc.CCarrot
87%
Deli meatHHam
87%
Green fruit with a brown peel that can be eatenKKiwi
84%
Look at the thumbnailAApple
83%
Brand of chocolate hazelnut spreadNNutella
82%
Shares its name with a colorOOrange
82%
Heavy-set, purple piece of produceEEggplant
81%
Popular salad dressing that's also used as a dipping sauceRRanch
62%
Often eaten on top of yogurt parfaitsGGranola
61%
Small bird that can be eaten; its eggs are used in some fine dining facilrQQuail
61%
Can be dill, lime, sweet, etc.PPickle
56%
Butternut ______SSquash
55%
Herb that sound like "time"TThyme
55%
Wild ones can be deadlyMMushroom
51%
Juicy summertime fruitWWatermelon
42%
Comes in big cans and is served at Thanksgiving by some familiesYYam
38%
Long, usually dark green vegetableZZucchini
30%
It smells really good, but tastes awful by itselfVVanilla
17%
Brand of potato chipsUUtz
9%

Score Distribution

Percentile by Number Answered

Percent of People with Each Score

Your Score History

You have not taken this quiz